000 004470000a22001810004500
003 LK-CoMWRAF
005 20230916001242.0
008 230817t1975 ||||| |||| 00| 0 eng d
040 _aLK-CoMWRAF
_dLK-CoMWRAF
_eLK-CoMWRAF
041 _aeng
082 _a297
_bMAU
100 _aMaududi, S. Abdul A'la
245 _aFundamentals of Islam
260 _aLahore :
_bIslamic Publication,
_c1975
300 _a263p
650 _aIslam
942 _cBK
999 _c1837
_d1837